000
00353pab a2200157 454500
008
180718b2007 xxu||||| |||| 00| 0 eng d
100
_a
Ramasamy, C.
245
_a
Agricultural growth in pre-independence era
260
_c
2007
300
_a
p.41-44.
362
_a
Aug
650
_a
Agriculture
773
_a
Yojana
908
_a
N
909
_a
76874
999
_c
76874
_d
76874